| 000 | 01654nab a2200205 i 4500 | ||
|---|---|---|---|
| 001 | 768714001 | ||
| 003 | CO-MdFUSB | ||
| 005 | 20240423093821.0 | ||
| 008 | 240203t1998 ck |||| |||| 00| 0 spa d | ||
| 022 | _a 01222937 | ||
| 040 |
_bspa _aCO-MdFUSB _cCO-MdFUSB |
||
| 041 | _aspa | ||
| 100 |
_aLanda, Apolos, _eautor |
||
| 245 |
_aLa Asociación San Lucas _c/ Apolos Landa |
||
| 300 |
_aVolumen 17, número 2 (abril - julio, 1998), páginas: 15 - 19 _c; 27 cm |
||
| 520 | _a¿Qué es la Asociación San Lucas? Es una organización privada de servicio, sin fines de lucro, de carácter confesional (cristiano evangélico Inter denominacional). Su ministerio es facilitar y apoyar a las iglesias locales, reconociéndolas como organizaciones naturales de base, en la implementación de un ministerio diaconal en el campo de la atención primaria de salud, como parte del desarrollo de su misión integral. La asociación realiza esta labor en las áreas rurales y urbano-marginales. ¿Cuáles son sus objetivos? contribuir al desarrollo, la consolidación y la expansión del evangelio y de un estilo de vida acorde con los principios y valores de un cristianismo dignificante, comprometido y que aprecie la participación activa de la mujer con un agente clave en la comunicación de valores, contenidos educativos y cambios en el ambiente domestico que ella, por su condición sine que non, controla e influye. | ||
| 650 | 0 |
_aMujeres _xAspectos religiosos _xCristianismo _9326 |
|
| 773 | 0 |
_049402 _959634 _dBuenos Aires _oR584 _tIglesia y Misión _w(CO-MdFUSB)19 _gVolumen 17, número 2 (abril - julio, 1998), páginas: 15 - 19 _qpágina: 15 |
|
| 942 | _cANA | ||
| 999 |
_c69291 _d69291 |
||